| Tag |
First Indicator |
Second Indicator |
Subfields |
| LEADER |
00000cam a22000001 4500 |
| 001 |
in00000094752 |
| 005 |
20150927110536.0 |
| 008 |
740606s1967 nyuac b 00000 eng |
| 010 |
|
|
|a 67022460
|
| 035 |
|
|
|a (OCoLC)00229925
|
| 035 |
|
|
|9 AAL6625AM
|
| 040 |
|
|
|a DLC
|c DLC
|d TXA
|d UtOrBLW
|
| 049 |
|
|
|a TXAM
|c [916862]
|
| 050 |
0 |
0 |
|a TR15
|b .N475
|
| 082 |
0 |
|
|a 770/.9/034
|
| 100 |
1 |
|
|a Newhall, Beaumont,
|d 1908-1993.
|
| 245 |
1 |
0 |
|a Latent image ;
|b the discovery of photography.
|
| 250 |
|
|
|a [1st ed.].
|
| 264 |
|
1 |
|a Garden City, N.Y. :
|b Doubleday,
|c 1967.
|
| 300 |
|
|
|a xii, 148 pages :
|b illustrations, portraits ;
|c 22 cm.
|
| 336 |
|
|
|a text
|b txt
|2 rdacontent
|
| 337 |
|
|
|a unmediated
|b n
|2 rdamedia
|
| 338 |
|
|
|a volume
|b nc
|2 rdacarrier
|
| 490 |
1 |
|
|a Science study series
|
| 504 |
|
|
|a Bibliography: pages [139]-140.
|
| 650 |
|
0 |
|a Photography
|x History.
|
| 830 |
|
0 |
|a Science study series.
|
| 999 |
|
|
|a MARS
|
| 999 |
f |
f |
|s d9286058-7fb3-3966-90e5-2c17e8557758
|i b5e131ca-1444-3c79-ad2c-6e3f5c67b443
|t 0
|
| 952 |
f |
f |
|p ric
|a Texas A&M University
|b Rellis Campus
|c Joint Library Facility
|d Remote Storage
|t 0
|e TR15 .N475
|h Library of Congress classification
|i unmediated -- volume
|m A14805621997
|
| 998 |
f |
f |
|a TR15 .N475
|t 0
|l Remote Storage
|